Statistics for Countries without Railway Network

Click here to take the quiz!

General Stats

  • This quiz has been taken 316 times
  • The average score is 32 of 52

Answer Stats

Area (km2)Country% Correct
751Dominica
78%
616Saint Lucia
78%
389Saint Vincent and the Grenadines
78%
702Federated States of Micronesia
77%
27750Haiti
76%
181Marshall Islands
75%
747Tonga
75%
61San Marino
74%
28896Solomon Islands
74%
26Tuvalu
74%
468Andorra
73%
344Grenada
73%
811Kiribati
73%
459Palau
73%
430Barbados
71%
2842Samoa
70%
452Seychelles
70%
5130Trinidad and Tobago
70%
12189Vanuatu
70%
316Malta
69%
300Maldives
68%
964São Tomé and Príncipe
68%
13943Bahamas
67%
2040Mauritius
67%
1862Comoros
66%
442Antigua and Barbuda
65%
4033Cape Verde
65%
1284000Chad
64%
9251Cyprus
62%
103000Iceland
62%
527968Yemen
62%
309500Oman
61%
765Bahrain
60%
11586Qatar
59%
17818Kuwait
58%
14874East Timor
57%
1267000Niger
56%
83600United Arab Emirates
55%
22966Belize
54%
38394Bhutan
54%
622984Central African Republic
50%
462840Papua New Guinea
50%
26338Rwanda
49%
27834Burundi
48%
619745South Sudan
48%
637657Somalia
46%
11295Gambia
45%
1759540Libya
45%
28051Equatorial Guinea
41%
36125Guinea-Bissau
36%
130373Nicaragua
25%
10887Kosovo
23%

Score Distribution

Percentile by Number Answered

Percent of People with Each Score

Your Score History

You have not taken this quiz